00619 2200193 4500245016100000020002200161250001000183100001900193700002000212700001800232650002600250650001000276005001900286260006500305041001400370084001200384300002000396336000900416 aObet Si Anak Bahari : Petualangan Anak-anak dari Kampung Biga, Raja Ampatb : Petualangan Anak-anak dari Kampung Biga, Raja AmpatcIkhsan NugrahahText a978-602-437-508-9 acet.1 aIkhsan Nugraha aLuh Anik Mayani aIqbal Nurzeha aCerita Anak Indonesia aEbook a20241105130651 aJakarta TimurbBadan Pengembangan dan Pembinaan Bahasac2018 aIndonesia a398.209 aviii :c51 hlm. atext